000 00970nam a2200301 4500
001 3563105
005 20180124105924.0
006 000
007 000
008 000
010 _a 98049806
020 _a0534362982
035 _a(DLC) 98049806
040 _aUOEL
_cDLC
_dDLC
050 0 0 _aQA303
_b.S88 1999
082 0 0 _a515/.15
_221
100 1 _aStewart, James,
_d1941-
245 1 0 _aCalculus :
_bearly transcendentals /
_cJames Stewart.
250 _a4th ed.
260 _aPacific Grove :
_bBrooks/Cole,
_cc1999.
300 _axxi, 1151, 132 p. :
_bcol. ill. ;
_c26 cm. +
_e1 computer laser optical disc (4 3/4 in.)
500 _a"A Gary W. Ostedt book"--T.p. verso.
504 _aIncludes bibliographical references and index.
650 0 _aCalculus.
_xMathematics
906 _a7
_bcbc
_corignew
_d1
_eocip
_f19
_gy-gencatlg
942 _2lcc
_cSL2
999 _c955
_d955